[Event "Beersheba"]
[Site "Beersheba"]
[Date "1978.??.??"]
[Round "4"]
[White "Kortschnoj, Viktor Lvovich"]
[Black "Birnboim, Nathan"]
[Result "1-0"]
[WhiteElo "2665"]
[BlackElo "2465"]
[PlyCount "44"]
[EventDate "1978.02.18"]
[EventType "tourn"]
[EventRounds "13"]
[EventCountry "ISR"]
[EventCategory "8"]
[SourceTitle "MCD"]
[Source "ChessBase"]
[SourceDate "1999.07.01"]
[SourceVersion "1"]
[SourceVersionDate "1999.07.01"]
[SourceQuality "1"]

1. d4 d5 2. c4 c6 3. Nf3 Nf6 4. Nc3 dxc4 5. g3 Nbd7 6. Bg2 e6 7. O-O Be7 8. Nd2
Nb6 9. e3 e5 10. dxe5 Ng4 11. Nf3 Qc7 12. Qd4 Be6 13. h3 Nh6 14. e4 Rd8 15. Qe3
O-O 16. Qe2 Bc5 17. Kh2 Nd7 18. Bg5 Rde8 19. Rad1 b5 20. Qd2 a5 21. Bxh6 gxh6
22. Qxh6 Re7 1-0

[Event "Beersheba"]
[Site "Beersheba"]
[Date "1978.??.??"]
[Round "7"]
[White "Kortschnoj, Viktor Lvovich"]
[Black "Kraidman, Yair"]
[Result "1-0"]
[WhiteElo "2665"]
[BlackElo "2455"]
[PlyCount "81"]
[EventDate "1978.02.18"]
[EventType "tourn"]
[EventRounds "13"]
[EventCountry "ISR"]
[EventCategory "8"]
[SourceTitle "MCD"]
[Source "ChessBase"]
[SourceDate "1999.07.01"]
[SourceVersion "1"]
[SourceVersionDate "1999.07.01"]
[SourceQuality "1"]

1. c4 Nf6 2. Nc3 e6 3. Nf3 b6 4. e4 Bb7 5. Bd3 Bb4 6. e5 Ng8 7. Be4 Bxe4 8.
Nxe4 d5 9. exd6 Bxd6 10. O-O Nf6 11. Nxf6+ Qxf6 12. Qa4+ c6 13. d4 O-O 14. Bg5
Qf5 15. Rfe1 b5 16. Qa5 h6 17. Bd2 Nd7 18. c5 Bf4 19. Bxf4 Qxf4 20. a4 Rfb8 21.
Re2 Rb7 22. h3 bxa4 23. Qxa4 Qc7 24. Qa6 Rab8 25. Ra2 g6 26. Qa5 Kg7 27. Qe1
Qf4 28. Qa1 e5 29. Nxe5 Nxe5 30. dxe5 Re8 31. b4 Re6 32. Rxa7 Rxb4 33. Rd7 Qc4
34. Re3 Qc2 35. Rf3 Rb1+ 36. Kh2 g5 37. Qa8 Qe4 38. Rdxf7+ Kg6 39. Qg8+ Kh5 40.
R7f5 Qe1 41. Rxg5+ 1-0

[Event "Beersheba"]
[Site "Beersheba"]
[Date "1978.??.??"]
[Round "8"]
[White "Bleiman, Yaacov"]
[Black "Kortschnoj, Viktor Lvovich"]
[Result "0-1"]
[WhiteElo "2440"]
[BlackElo "2665"]
[PlyCount "80"]
[EventDate "1978.02.18"]
[EventType "tourn"]
[EventRounds "13"]
[EventCountry "ISR"]
[EventCategory "8"]
[SourceTitle "MCD"]
[Source "ChessBase"]
[SourceDate "1999.07.01"]
[SourceVersion "1"]
[SourceVersionDate "1999.07.01"]
[SourceQuality "1"]

1. d4 Nf6 2. Nf3 e6 3. Bf4 b6 4. e3 Bb7 5. h3 d6 6. Nbd2 Nbd7 7. Bh2 Qe7 8. a4
a5 9. Bb5 g6 10. O-O Bh6 11. Qe2 O-O 12. Rfd1 Nd5 13. Rac1 f5 14. Nb3 N5f6 15.
Nbd2 g5 16. Ne1 g4 17. hxg4 Nxg4 18. Bf4 Bxf4 19. exf4 Ndf6 20. f3 Nh5 21. fxg4
Nxf4 22. Qe3 fxg4 23. Ne4 Bxe4 24. Qxe4 Qh4 25. Qe3 g3 26. Nf3 Qh6 27. Re1 Rf5
28. Bd7 Kh8 29. Bxe6 Rh5 30. Bh3 Rxh3 31. gxh3 Nxh3+ 32. Kg2 Nf4+ 33. Kg1 Rf8
34. Rcd1 g2 35. Kf2 Qh5 36. Rd2 g1=Q+ 37. Rxg1 Nh3+ 38. Kg2 Nxg1 39. Nxg1 Re8
40. Qf3 Qg5+ 0-1

[Event "Beersheba"]
[Site "Beersheba"]
[Date "1978.??.??"]
[Round "9"]
[White "Kortschnoj, Viktor Lvovich"]
[Black "Kagan, Shimon"]
[Result "1-0"]
[WhiteElo "2665"]
[BlackElo "2465"]
[PlyCount "72"]
[EventDate "1978.02.18"]
[EventType "tourn"]
[EventRounds "13"]
[EventCountry "ISR"]
[EventCategory "8"]
[SourceTitle "MCD"]
[Source "ChessBase"]
[SourceDate "1999.07.01"]
[SourceVersion "1"]
[SourceVersionDate "1999.07.01"]
[SourceQuality "1"]

1. c4 g6 2. e4 Bg7 3. d4 d6 4. Nc3 e5 5. Nf3 Nc6 6. Bg5 f6 7. Be3 Nh6 8. h3 Nf7
9. c5 dxc5 10. dxe5 Nfxe5 11. Nxe5 fxe5 12. Bb5 Qxd1+ 13. Rxd1 Bd7 14. Bxc5
O-O-O 15. O-O Nd4 16. Bc4 Kb8 17. f4 Be6 18. Bxe6 Nxe6 19. Rxd8+ Rxd8 20. Be7
Re8 21. f5 Rxe7 22. Nd5 Rf7 23. fxe6 Rxf1+ 24. Kxf1 Kc8 25. e7 Kd7 26. Nxc7
Kxe7 27. Ke2 Kd7 28. Nd5 Kc6 29. Kd3 b5 30. Kc3 a5 31. b3 Kc5 32. Nc7 Bh6 33.
a4 bxa4 34. bxa4 Kd6 35. Nd5 Bg5 36. Kc4 Kc6 1-0

[Event "Beersheba"]
[Site "Beersheba"]
[Date "1978.??.??"]
[Round "10"]
[White "Formanek, Edward W"]
[Black "Kortschnoj, Viktor Lvovich"]
[Result "0-1"]
[WhiteElo "2410"]
[BlackElo "2665"]
[PlyCount "68"]
[EventDate "1978.02.18"]
[EventType "tourn"]
[EventRounds "13"]
[EventCountry "ISR"]
[EventCategory "8"]
[SourceTitle "MCD"]
[Source "ChessBase"]
[SourceDate "1999.07.01"]
[SourceVersion "1"]
[SourceVersionDate "1999.07.01"]
[SourceQuality "1"]

1. e4 e6 2. d4 d5 3. e5 c5 4. c3 Nc6 5. Nf3 Qb6 6. a3 Bd7 7. b4 cxd4 8. cxd4
Rc8 9. Be2 Nge7 10. O-O Nf5 11. Bb2 h5 12. Kh1 Be7 13. Nc3 Na5 14. Na4 Qc6 15.
Nc5 Nc4 16. Bc1 b6 17. Nb3 a5 18. bxa5 bxa5 19. Bg5 f6 20. exf6 gxf6 21. Bd2
Qb6 22. a4 Nb2 23. Bxa5 Qb8 24. Qb1 Qxb3 25. Ra2 Rb8 26. Bb5 Bxb5 27. axb5 Rxb5
28. Nd2 Qd3 29. Rxb2 Qxb1 30. Rfxb1 Rxa5 31. Rb8+ Bd8 32. Nb3 Ra7 33. Re1 Kf7
34. Rc1 Rf8 0-1

[Event "Beersheba"]
[Site "Beersheba"]
[Date "1978.??.??"]
[Round "12"]
[White "Liberzon, Vladimir Mikhailovi"]
[Black "Kortschnoj, Viktor Lvovich"]
[Result "0-1"]
[WhiteElo "2555"]
[BlackElo "2665"]
[PlyCount "64"]
[EventDate "1978.02.18"]
[EventType "tourn"]
[EventRounds "13"]
[EventCountry "ISR"]
[EventCategory "8"]
[SourceTitle "MCD"]
[Source "ChessBase"]
[SourceDate "1999.07.01"]
[SourceVersion "1"]
[SourceVersionDate "1999.07.01"]
[SourceQuality "1"]

1. e4 e6 2. d4 d5 3. Nd2 Nf6 4. e5 Nfd7 5. c3 c5 6. Bd3 Nc6 7. Ngf3 Qb6 8. O-O
Be7 9. Re1 cxd4 10. cxd4 Nxd4 11. Nxd4 Qxd4 12. Nf3 Qb6 13. Qa4 Qb4 14. Qc2 Nc5
15. Bd2 Qa4 16. b3 Qa3 17. Bf1 Bd7 18. Nd4 O-O 19. f3 Rac8 20. Qb1 Na6 21. Bd3
g6 22. Kh1 Nb4 23. Bh6 Rfd8 24. Qd1 Bc5 25. Ne2 Nxd3 26. Qxd3 Qb4 27. Bg5 Re8
28. f4 Bb5 29. Qh3 Bxe2 30. Rxe2 Bf8 31. Rd1 Rc3 32. Qh4 Rec8 0-1

[Event "Olympiad-23"]
[Site "Buenos Aires"]
[Date "1978.10.30"]
[Round "5"]
[White "Kortschnoj, Viktor Lvovich"]
[Black "Frias Pablaza, Victor J"]
[Result "1-0"]
[WhiteElo "2665"]
[BlackElo "2390"]
[PlyCount "87"]
[EventDate "1978.10.25"]
[EventType "team-swiss"]
[EventRounds "14"]
[EventCountry "ARG"]
[SourceTitle "EXT 2000"]
[Source "ChessBase"]
[SourceDate "1999.11.16"]
[SourceVersion "1"]
[SourceVersionDate "1999.11.16"]
[SourceQuality "1"]
[WhiteTeam "Switzerland"]
[BlackTeam "Chile"]
[WhiteTeamCountry "SUI"]
[BlackTeamCountry "CHI"]

1. c4 Nf6 2. Nc3 e6 3. d4 d5 4. Bg5 Be7 5. e3 Nbd7 6. Nf3 O-O 7. Qc2 h6 8. Bh4
c5 9. Rd1 cxd4 10. Nxd4 Nb6 11. Be2 Bd7 12. Bxf6 Bxf6 13. cxd5 Nxd5 14. Nxd5
exd5 15. O-O Qb6 16. Bf3 Rac8 17. Qb1 Be6 18. Rd2 Rc4 19. Nxe6 fxe6 20. Rxd5
Bxb2 21. Rd7 Rf7 22. Rxf7 Kxf7 23. Bh5+ Kg8 24. Qg6 Rc8 25. Qf7+ Kh8 26. Bg4
Ba3 27. Bxe6 Rf8 28. Qg6 Rf6 29. Qd3 Qxe6 30. Qxa3 Qa6 31. Qe7 Qxa2 32. Qxb7 a5
33. Qa8+ Kh7 34. Qe4+ Kg8 35. Qb1 Qd2 36. Qb3+ Kh7 37. h3 Rf8 38. Qc4 Rf6 39.
e4 Qb2 40. Qd5 Kh8 41. e5 Rf8 42. Qe4 Qa2 43. Kh2 Rxf2 44. Rxf2 1-0

[Event "Olympiad-23"]
[Site "Buenos Aires"]
[Date "1978.11.01"]
[Round "7"]
[White "Trois, Francisco R Torres"]
[Black "Kortschnoj, Viktor Lvovich"]
[Result "0-1"]
[WhiteElo "2385"]
[BlackElo "2665"]
[PlyCount "72"]
[EventDate "1978.10.25"]
[EventType "team-swiss"]
[EventRounds "14"]
[EventCountry "ARG"]
[SourceTitle "EXT 2000"]
[Source "ChessBase"]
[SourceDate "1999.11.16"]
[SourceVersion "1"]
[SourceVersionDate "1999.11.16"]
[SourceQuality "1"]
[WhiteTeam "Brazil"]
[BlackTeam "Switzerland"]
[WhiteTeamCountry "BRA"]
[BlackTeamCountry "SUI"]

1. d4 Nf6 2. c4 e6 3. Nc3 Bb4 4. e3 b6 5. Nge2 Ba6 6. a3 Be7 7. Nf4 O-O 8. Bd3
d6 9. O-O Nbd7 10. b3 c6 11. Bb2 Re8 12. Re1 Bf8 13. d5 Bb7 14. dxc6 Bxc6 15.
Rc1 Ne5 16. Bb1 Qe7 17. Qe2 Rad8 18. e4 Ba8 19. Rcd1 Nc6 20. Nh5 Nxh5 21. Qxh5
g6 22. Qe2 Bg7 23. Qe3 Qf8 24. Re2 Bf6 25. Nb5 Bxb2 26. Rxb2 d5 27. cxd5 exd5
28. Nc7 dxe4 29. Rc1 Re7 30. Nxa8 Red7 31. g3 Qxa3 32. Ra2 Qxc1+ 33. Qxc1 Rd1+
34. Qxd1 Rxd1+ 35. Kg2 Rxb1 36. Rc2 Nd4 0-1

[Event "Olympiad-23"]
[Site "Buenos Aires"]
[Date "1978.11.06"]
[Round "11"]
[White "Torre, Eugenio"]
[Black "Kortschnoj, Viktor Lvovich"]
[Result "0-1"]
[WhiteElo "2490"]
[BlackElo "2665"]
[Annotator "Cabrilo,G"]
[PlyCount "74"]
[EventDate "1978.10.25"]
[EventType "team-swiss"]
[EventRounds "14"]
[EventCountry "ARG"]
[SourceTitle "EXT 2000"]
[Source "ChessBase"]
[SourceDate "1999.11.16"]
[SourceVersion "1"]
[SourceVersionDate "1999.11.16"]
[SourceQuality "1"]
[WhiteTeam "Philippines"]
[BlackTeam "Switzerland"]
[WhiteTeamCountry "PHI"]
[BlackTeamCountry "SUI"]

{Inf.26/207} 1. e4 c6 2. d4 d5 3. Nc3 dxe4 4. Nxe4 Nf6 5. Nxf6+ exf6 6. Nf3 Bd6
7. Be2 (7. Bd3) (7. Bc4) 7... Na6 $5 8. O-O Nc7 9. c4 O-O 10. Be3 Re8 11. Qd2 (
11. Qc2 $5) 11... Bf5 12. Rad1 Be4 13. Qc1 $6 h6 $1 14. Nd2 Bh7 15. Bf3 f5 $15
16. Nb3 g5 $1 17. Na5 $2 (17. g3 $5 Qf6 $1) 17... g4 18. Be2 (18. Nxb7 Bxh2+
19. Kxh2 Qh4+ 20. Kg1 gxf3 $17) 18... Bb4 $1 19. Nxb7 (19. Bd2 $2 Bxa5 $19) (
19. Nb3 f4 20. Bd2 f3 $1 21. gxf3 Bd6 $1 22. Rfe1 gxf3 23. Bxf3 (23. Bf1 Bxh2+
$1 24. Kxh2 Qh4+ 25. Kg1 Kh8 26. Rxe8+ Rxe8 27. Bf4 Rg8+ 28. Bg3 Rxg3+ 29. fxg3
Qxg3+ 30. Kh1 f2 $1 $19) 23... Qh4 $40 {>>}) 19... Qc8 20. Nc5 f4 $17 21. Bxg4
Qxg4 22. Bxf4 Ne6 23. Be3 Rad8 24. Nd3 Bd6 25. Ne5 Bxe5 26. dxe5 Bd3 $19 27. f3
(27. Rfe1 Be4 $19) 27... Qxc4 28. Qxc4 Bxc4 29. Rxd8 Nxd8 30. Rd1 Bxa2 31. Bxa7
Bd5 32. f4 Ne6 33. Be3 (33. f5 Nf4 34. Re1 Nd3 $19) 33... h5 34. h3 Rb8 35. Rd2
Rb3 36. Kf2 h4 37. Rc2 Bxg2 0-1

[Event "Olympiad-23"]
[Site "Buenos Aires"]
[Date "1978.11.07"]
[Round "12"]
[White "Kortschnoj, Viktor Lvovich"]
[Black "Miles, Anthony John"]
[Result "1-0"]
[WhiteElo "2665"]
[BlackElo "2565"]
[Annotator "Cabrilo,G"]
[PlyCount "71"]
[EventDate "1978.10.25"]
[EventType "team-swiss"]
[EventRounds "14"]
[EventCountry "ARG"]
[SourceTitle "EXT 2000"]
[Source "ChessBase"]
[SourceDate "1999.11.16"]
[SourceVersion "1"]
[SourceVersionDate "1999.11.16"]
[SourceQuality "1"]
[WhiteTeam "Switzerland"]
[BlackTeam "England"]
[WhiteTeamCountry "SUI"]
[BlackTeamCountry "ENG"]

{Inf.26/692} 1. d4 Nf6 2. c4 g6 3. f3 c5 (3... d5) 4. d5 Bg7 5. e4 O-O (5... d6
) 6. Nh3 d6 7. Nf2 e6 (7... b5 $5) 8. Nc3 Na6 9. Be2 (9. Bg5) 9... Nc7 10. O-O
a6 11. Bg5 h6 12. Be3 exd5 13. cxd5 b5 $6 (13... Re8 $5) 14. Qd2 (14. e5 $6
dxe5 15. Bxc5 Re8 {><d5}) 14... Kh7 15. e5 $1 b4 (15... dxe5 16. Bxc5 Re8 17.
Rfd1 Bb7 18. Nfe4 $1 $16) 16. exf6 bxc3 17. bxc3 Qxf6 18. Rac1 Qd8 19. g4 $1 {
()} Re8 20. Nd1 Rb8 21. Rf2 Bd7 22. Bf4 $16 Qf6 23. c4 Rb6 24. Bd3 Reb8 25. Kg2
Ne8 26. Re2 $1 Ba4 $6 (26... Qd8 $5) 27. g5 Qd8 (27... hxg5 $2 28. Bxg5 Qd4 29.
Re4 $18) 28. gxh6 Bf6 29. Bc2 $19 Bxc2 30. Rxc2 Qd7 31. Nf2 Bd4 32. Be3 Bxe3 (
32... Bf6 33. Ne4 $18) 33. Qxe3 Nf6 34. Nh3 Re8 35. Ng5+ Kg8 (35... Kxh6 36.
Ne4+ Kg7 37. Nxf6 Rxe3 38. Nxd7 Rxe2+ 39. Rxe2 Rb7 40. Re7 $18) 36. Qc3 (36.
Qc3 Rxe2+ 37. Rxe2 Qd8 38. Qxf6) 1-0

[Event "Olympiad-23"]
[Site "Buenos Aires"]
[Date "1978.11.10"]
[Round "14"]
[White "Kortschnoj, Viktor Lvovich"]
[Black "Kavalek, Lubomir"]
[Result "1-0"]
[WhiteElo "2665"]
[BlackElo "2570"]
[Annotator "Byrne/Mednis"]
[PlyCount "81"]
[EventDate "1978.10.25"]
[EventType "team-swiss"]
[EventRounds "14"]
[EventCountry "ARG"]
[SourceTitle "EXT 2000"]
[Source "ChessBase"]
[SourceDate "1999.11.16"]
[SourceVersion "1"]
[SourceVersionDate "1999.11.16"]
[SourceQuality "1"]
[WhiteTeam "Switzerland"]
[BlackTeam "US of America"]
[WhiteTeamCountry "SUI"]
[BlackTeamCountry "USA"]

{Inf.26/716} 1. d4 g6 2. e4 d6 3. c4 Bg7 4. Nc3 Nf6 5. Be2 O-O 6. Nf3 e5 7. Bg5
$5 h6 8. Bh4 g5 9. dxe5 $1 gxh4 10. exf6 Qxf6 11. Qd2 Be6 $13 12. Rd1 Nd7 13.
Qe3 Ne5 $2 (13... Nb6 $1 14. c5 (14. Nd2 Qg6 15. O-O f5 $11) 14... dxc5 15.
Qxc5 c6 $11) 14. Nxe5 dxe5 (14... Qxe5 15. f4 $16) 15. Nd5 Bxd5 16. cxd5 $16
Rfd8 17. O-O Bf8 18. Bc4 Bd6 19. Rd3 $1 Kh8 20. Qh3 Rg8 21. Rf3 Qe7 22. Kh1 Rg6
23. Rf5 $1 Rag8 24. Rh5 Kh7 (24... Rxg2 25. Qxg2 Rxg2 26. Kxg2 $16) 25. Rxh4
Qg5 26. g3 Rf6 27. Be2 Qd2 28. Bg4 Rxf2 (28... Qxb2 $5) 29. Bf5+ Kh8 (29... Kg7
$2 30. Rxf2 $1 Qxf2 31. Rg4+ Kf8 32. Qxh6+ Ke7 33. Qh4+ f6 34. Qh7+) 30. Rxh6+
Kg7 31. Rh7+ Kf8 32. Be6 Rg7 (32... fxe6 $2 33. Rxf2+ Qxf2 34. Qh6+ Ke8 35.
Qxe6+) 33. Rh8+ Ke7 34. Bc8 Rxf1+ 35. Qxf1 Qe3 36. Bf5 Bc5 37. Kg2 Qd2+ 38. Kh3
Bf2 $2 (38... a6 $1 $16) 39. Qb5 $18 c6 40. Qxb7+ Kf6 41. Qxc6+ 1-0

[Event "EU-Cup 02nd semifinal"]
[Site "Rotterdam"]
[Date "1979.??.??"]
[Round "4.1"]
[White "Csom, Istvan"]
[Black "Kortschnoj, Viktor Lvovich"]
[Result "0-1"]
[WhiteElo "2510"]
[BlackElo "2695"]
[PlyCount "92"]
[EventDate "1979.??.??"]
[EventType "team-match"]
[EventRounds "2"]
[EventCountry "NED"]
[SourceTitle "EXT 2012"]
[Source "ChessBase"]
[SourceDate "2011.11.24"]
[SourceVersion "1"]
[SourceVersionDate "2011.11.24"]
[SourceQuality "1"]
[WhiteTeam "Budapest Spartacus"]
[BlackTeam "Rotterdam Volmac"]
[WhiteTeamCountry "HUN"]
[BlackTeamCountry "NED"]

1. c4 c5 2. Nf3 b6 3. b3 (3. Nc3 $142) (3. g3 $142) (3. d4 $142) 3... Bb7 4. e3
$6 {Le début des Blancs est très timide et les Noirs vont égaliser assez vite}
(4. Bb2 $142 Nf6 5. g3 e6 6. Bg2 Be7 7. O-O O-O 8. Nc3 (8. d4 cxd4 9. Qxd4 Nc6
10. Qf4 $14 {[%csl Gd6]}) 8... d5) 4... Nf6 5. Bb2 d6 6. Be2 Nbd7 7. O-O g6 8.
a3 Bg7 9. d3 O-O 10. b4 Qc7 11. Nc3 a6 12. Nd2 e6 $11 13. Rc1 Rab8 14. Ba1 Rfc8
15. Bf3 Bxf3 16. Qxf3 b5 $36 17. cxb5 axb5 18. Ncb1 $6 Qa7 19. Bc3 Rc7 20. Ne4
Nxe4 21. Qxe4 d5 $17 22. Qh4 Bxc3 (22... c4 23. Bxg7 Kxg7) 23. Rxc3 {[%csl Rc3]
} c4 24. d4 Nb6 {[%csl Gb6]} 25. Qf4 Rbc8 26. h4 Rc6 27. Rfc1 Qc7 28. Qf3 e5
29. dxe5 Qxe5 30. Rd1 Rf6 31. Qg4 h5 32. Qe2 Re8 33. Qd2 Qf5 34. g3 Re4 35. Qe2
Qh3 36. Rcc1 Re5 37. Nc3 Ref5 38. Rf1 Rf3 39. Rcd1 R6f5 40. Rd4 Kh7 41. Rf4
R5xf4 42. exf4 Rxc3 43. Qe5 Rd3 44. Qc7 Qe6 45. Kh1 Kg7 46. Qc5 c3 0-1

[Event "London BBC TV-A"]
[Site "London"]
[Date "1979.??.??"]
[Round "?"]
[White "Byrne, Robert Eugene"]
[Black "Kortschnoj, Viktor Lvovich"]
[Result "0-1"]
[WhiteElo "2535"]
[BlackElo "2695"]
[PlyCount "98"]
[EventDate "1979.??.??"]
[EventType "tourn"]
[EventRounds "3"]
[EventCountry "ENG"]
[SourceTitle "EXT 2001"]
[Source "ChessBase"]
[SourceDate "2000.11.22"]
[SourceVersion "1"]
[SourceVersionDate "2000.11.22"]
[SourceQuality "1"]

1. e4 e6 2. d4 d5 3. Nc3 Bb4 4. e5 c5 5. a3 Bxc3+ 6. bxc3 Ne7 7. Nf3 Qa5 8. Bd2
Nbc6 9. Bd3 c4 10. Bf1 f6 11. exf6 gxf6 12. Nh4 O-O 13. g3 Rf7 14. Bg2 Bd7 15.
O-O Ng6 16. Nxg6 hxg6 17. h4 Rh7 18. Re1 Re8 19. Qf3 Kg7 20. Bf4 Nd8 21. Re2
Nf7 22. Re3 Rhh8 23. Qe2 Bc6 24. Qd2 Re7 25. Re2 Rhe8 26. g4 e5 27. Bg3 e4 28.
g5 fxg5 29. hxg5 Bd7 30. Bf4 Bg4 31. Re3 Qa6 32. Rg3 Qe6 33. Qe3 Qf5 34. Kf1
Rh8 35. Ke1 Bf3 36. Kd2 Rh4 37. Bb8 Bxg2 38. Rxg2 Rh3 39. Rg3 Rxg3 40. Qxg3
Nxg5 41. Kc1 Nf3 42. Bxa7 Qg5+ 43. Qxg5 Nxg5 44. Bb8 Rf7 45. Rb1 e3 46. f4 Ne4
47. Kb2 g5 48. fxg5 e2 49. Re1 Rf2 0-1

[Event "Vienna exh"]
[Site "Vienna"]
[Date "1979.02.??"]
[Round "?"]
[White "Kortschnoj, Viktor Lvovich"]
[Black "Miles, Anthony John"]
[Result "1-0"]
[WhiteElo "2695"]
[BlackElo "2560"]
[PlyCount "53"]
[EventDate "1979.??.??"]
[EventType "game"]
[EventRounds "1"]
[EventCountry "AUT"]
[SourceTitle "EXT 2008"]
[Source "ChessBase"]
[SourceDate "2007.11.25"]
[SourceVersion "1"]
[SourceVersionDate "2007.11.25"]
[SourceQuality "1"]

1. d4 Nf6 2. c4 g6 3. Nc3 d5 4. cxd5 Nxd5 5. Nf3 Bg7 6. e4 Nxc3 7. bxc3 c5 8.
Be3 Nc6 9. Rc1 cxd4 10. cxd4 O-O 11. d5 Ne5 12. Nxe5 Bxe5 13. Bc4 b5 14. Bb3 a5
15. O-O a4 16. Bc2 e6 17. f4 Bc7 18. Bc5 Bb6 19. Qd4 Ra6 20. Bd3 exd5 21. Bxb5
dxe4 22. Qxd8 Bxc5+ 23. Rxc5 Rxd8 24. Rxc8 Rxc8 25. Bxa6 Rc2 26. Rf2 Rc1+ 27.
Bf1 1-0

[Event "Geneve exh"]
[Site "Geneve"]
[Date "1979.01.29"]
[Round "?"]
[White "Kortschnoj, Viktor Lvovich"]
[Black "Persitz, Raaphi"]
[Result "1-0"]
[WhiteElo "2695"]
[BlackElo "2345"]
[PlyCount "91"]
[EventDate "1979.01.29"]
[EventType "game"]
[EventRounds "1"]
[EventCountry "SUI"]
[SourceTitle "EXT 2016"]
[Source "ChessBase"]
[SourceDate "2015.10.08"]
[SourceVersion "1"]
[SourceVersionDate "2015.10.08"]
[SourceQuality "1"]

1. c4 c5 2. Nf3 Nf6 3. Nc3 d5 4. cxd5 Nxd5 5. d4 Nxc3 6. bxc3 g6 7. Bf4 Bg7 8.
e3 O-O 9. Be2 Nd7 10. O-O b6 11. Rc1 Bb7 12. d5 Nf6 13. c4 e6 14. dxe6 fxe6 15.
Ng5 Re8 16. Qa4 e5 17. Rfd1 Qc8 18. Bg3 Bc6 19. Qc2 Qb7 20. Rd6 Ne4 21. Rxc6
Nxg5 22. Rd6 Nf7 23. Rd5 Rad8 24. Rxd8 Rxd8 25. Bf3 Qe7 26. Bd5 Bf6 27. a4 Kg7
28. Rb1 Nd6 29. e4 Bh4 30. a5 Bxg3 31. hxg3 Rb8 32. Qa4 Qe8 33. Qa3 bxa5 34.
Ra1 Rb4 35. Qxa5 Qb8 36. Qxc5 Rb1+ 37. Rxb1 Qxb1+ 38. Kh2 Qb6 39. Qa3 Nc8 40.
c5 Qc7 41. Qc3 h5 42. f4 Kf6 43. fxe5+ Qxe5 44. Qf3+ Kg5 45. Qe3+ Kf6 46. Qh6
1-0

[Event "Sao Paulo International"]
[Site "Sao Paulo"]
[Date "1979.02.??"]
[Round "?"]
[White "Kortschnoj, Viktor Lvovich"]
[Black "Sunye Neto, Jaime"]
[Result "1-0"]
[WhiteElo "2695"]
[BlackElo "2375"]
[PlyCount "75"]
[EventDate "1979.02.10"]
[EventType "tourn"]
[EventRounds "13"]
[EventCountry "BRA"]
[EventCategory "10"]
[SourceTitle "EXT 1998"]
[Source "ChessBase"]
[SourceDate "1997.11.17"]
[SourceVersion "1"]
[SourceVersionDate "1997.11.17"]
[SourceQuality "1"]

1. c4 Nf6 2. Nc3 e5 3. Nf3 Nc6 4. e3 d6 5. d4 Be7 6. d5 Nb8 7. e4 O-O 8. h3 c5
9. Bd3 Na6 10. a3 Ne8 11. g4 g6 12. Bh6 Ng7 13. Qd2 f6 14. Rg1 Bd7 15. h4 Qe8
16. Qe3 Bd8 17. Nd2 Ba5 18. Nb3 Bxc3+ 19. bxc3 Qe7 20. Nd2 Nc7 21. Qg3 Rf7 22.
a4 Raf8 23. Kd1 Bc8 24. f4 exf4 25. Bxf4 Rd8 26. Kc2 Nce8 27. Qh2 Nc7 28. Kb2
Qf8 29. Raf1 Nce8 30. Be3 Nc7 31. Bf4 Nce8 32. Be2 Nc7 33. g5 Nce8 34. h5 fxg5
35. Bxg5 Nf6 36. hxg6 hxg6 37. Qh4 Nge8 38. Bh6 1-0

[Event "Sao Paulo International"]
[Site "Sao Paulo"]
[Date "1979.02.??"]
[Round "?"]
[White "Rocha, Antonio Cavilhas"]
[Black "Kortschnoj, Viktor Lvovich"]
[Result "0-1"]
[WhiteElo "2365"]
[BlackElo "2695"]
[PlyCount "148"]
[EventDate "1979.02.10"]
[EventType "tourn"]
[EventRounds "13"]
[EventCountry "BRA"]
[EventCategory "10"]
[SourceTitle "EXT 1998"]
[Source "ChessBase"]
[SourceDate "1997.11.17"]
[SourceVersion "1"]
[SourceVersionDate "1997.11.17"]
[SourceQuality "1"]

1. e4 e6 2. d4 d5 3. Nd2 c5 4. Ngf3 Nc6 5. exd5 exd5 6. Bb5 Bd6 7. dxc5 Bxc5 8.
O-O Nge7 9. Nb3 Bd6 10. Bg5 O-O 11. Re1 Qc7 12. c3 h6 13. Bxe7 Nxe7 14. h3 a6
15. Bd3 Bd7 16. Nfd4 g6 17. Qf3 Kg7 18. Re2 Rad8 19. Rae1 Ng8 20. Nc2 Nf6 21.
Qe3 a5 22. Nbd4 Rfe8 23. Qf3 Rxe2 24. Qxe2 Bc5 25. Bb5 Bc8 26. Rd1 Ba7 27. Ne3
Bb8 28. Nf1 Nh5 29. Re1 Nf4 30. Qe7 Qxe7 31. Rxe7 Kf6 32. Re1 Ne6 33. Nd2 Nxd4
34. cxd4 Bf4 35. Nb3 b6 36. g3 Bd6 37. Kg2 Bf5 38. Rc1 Ke7 39. Re1+ Be6 40. Rc1
Rb8 41. Nd2 Bd7 42. Bxd7 Kxd7 43. Nf1 Bf8 44. Kf3 Bg7 45. Rd1 Re8 46. Ne3 Kd6
47. g4 b5 48. Nc2 b4 49. Rd2 Bf6 50. Ne3 a4 51. Nc2 Rb8 52. b3 Bg5 53. Rd3 a3
54. Ke2 Kc6 55. Rd1 Kb5 56. Ne3 Rc8 57. Kd2 Rc3 58. Rc1 Rxc1 59. Kxc1 Bxe3+ 60.
fxe3 Kc6 61. Kd2 Kd6 62. Ke2 Ke6 63. Kf3 f5 64. Kf4 fxg4 65. Kxg4 Kf6 66. e4
dxe4 67. Kf4 e3 68. Kxe3 Kf5 69. Kf3 g5 70. Ke3 g4 71. hxg4+ Kxg4 72. d5 Kf5
73. Kd4 Kf6 74. Ke4 Ke7 0-1

[Event "Sao Paulo International"]
[Site "Sao Paulo"]
[Date "1979.02.??"]
[Round "?"]
[White "Van Riemsdijk, Herman Claudius"]
[Black "Kortschnoj, Viktor Lvovich"]
[Result "0-1"]
[WhiteElo "2390"]
[BlackElo "2695"]
[PlyCount "62"]
[EventDate "1979.02.10"]
[EventType "tourn"]
[EventRounds "13"]
[EventCountry "BRA"]
[EventCategory "10"]
[SourceTitle "EXT 1998"]
[Source "ChessBase"]
[SourceDate "1997.11.17"]
[SourceVersion "1"]
[SourceVersionDate "1997.11.17"]
[SourceQuality "1"]

1. e4 e6 2. d4 d5 3. Nc3 Bb4 4. e5 c5 5. a3 Bxc3+ 6. bxc3 Ne7 7. h4 Qc7 8. Rh3
Nd7 9. h5 f6 10. Qg4 Nf5 11. Bd3 cxd4 12. Bxf5 Nxe5 13. Qxd4 exf5 14. h6 f4 15.
hxg7 Qxg7 16. Rh2 Qe7 17. Kd1 f3 18. Bf4 fxg2 19. Rxg2 Bf5 20. f3 Nc6 21. Qe3
Qxe3 22. Bxe3 Kf7 23. Ne2 Rae8 24. Nd4 Rxe3 25. Nxf5 Rxf3 26. Nd6+ Ke6 27. Ke2
Rxc3 28. Kd2 Rc5 29. Nxb7 Rb5 30. Rg7 Rb8 31. Rc7 Rb6 0-1